000
00318nam a2200133Ia 4500
008
200615s9999||||xx |||||||||||||| ||und||
020
_a
9788177581898
082
_a
650
_b
ORG-S
100
_a
SANGHI/ROBBINS
245
0
_a
ORGANIZATIONAL BEHAVIOUR
250
_a
11TH
260
_a
new delhi
_b
PEARSON
_c
2018
942
_c
BK
999
_c
27899
_d
27899